000 00284nam a22001217a 4500
008 170428b xxu||||| |||| 00| 0 eng d
041 _aeng
080 _26 ED
_a34
100 _a13
101 _aSHJ
245 _aFEDRAL JURY PRACTICE INSTRUCTIONS
_cOMALLEY.K.F
942 _2udc
_cBK
999 _c12302
_d12302